Construction de l'Union Européenne sur une carte - Statistiques

Statistiques générales
  • Ce quiz a été pris 1 015 fois
  • Le résultat moyen est 7 sur 9
Réponses sur la Carte
Les réponses sont colorées sur une échelle allant du rouge au vert en fonction du pourcentage des utilisateurs qui les ont devinées à leur premier essai. Vous pouvez retrouver ces pourcentages ci-dessous.
 
Statistiques - réponses
Année Pays % Correct
1957 +6 Belgique | France | Allemagne | Italie | Luxembourg | Pays-Bas
100%
1972 +3 Danemark | Irlande | Royaume-Uni
91%
2003 +10 Chypre | République Tchèque | Estonie | Hongrie | Lettonie | Lituanie | Malte | Pologne | Slovaquie | Slovénie
83%
1985 +2 Portugal | Espagne
83%
1994 +3 Autriche | Finlande | Suède
79%
1979 +1 Grèce
76%
2012 +1 Croatie
74%
2005 +2 Bulgarie | Roumanie
70%
2020 -1 Royaume-Uni
70%
Aucun quiz correspondant
Distribution des résultats
% des personnes avec chaque résultat
Percentile par nombre de réponses
Votre historique - résultats
Vous n’avez pas pris ce quiz